<El> Uso de las tecnologías de la información y la communicación (TIC) en la clase de ELE

Saved in:
Bibliographic Details
Main Author: Varela Cano, Diana Patricia, 1964-
Format: Book Chapter
Language:Spanish
Subjects:
Tags: Add Tag
No Tags, Be the first to tag this record!

MARC

LEADER 00000naa$a2200000$$$4500
001 0198917
005 20240502083505.7
041 0 |a spa 
044 |a IT 
245 1 0 |a <El> Uso de las tecnologías de la información y la communicación (TIC) en la clase de ELE  |c Diana Patricia Varela Cano 
610 2 0 |a vzdelávanie 
610 2 0 |a jazyky cudzie 
610 2 0 |a španielčina 
610 2 0 |a technológie informačné 
610 2 0 |a technológie komunikačné 
610 2 0 |a internet 
610 2 0 |a siete sociálne 
100 1 |a Varela Cano, Diana Patricia, 1964-